| 000 | 01928nam0a2200349 4500 | ||
|---|---|---|---|
| 001 | RU\NLR\BIBL_A\010297343 | ||
| 005 | 20180215132508.0 | ||
| 010 |
_a978-5-9902181-9-2 _9600 |
||
| 021 |
_aRU _b2014-4621 _9284 |
||
| 035 | _a(NLR Aleph) 010297343 | ||
| 090 |
_a10576575 _c10576575 |
||
| 100 | _a20140324d2013 km y0rusy50 ca | ||
| 101 | 0 | _arus | |
| 102 | _aRU | ||
| 105 | _aac||z|||000yy | ||
| 200 | 1 |
_aВодно-электролитные и эндокринные нарушения у детей раннего возраста _fД.О. Иванов, Д.Н. Сурков, Т.К. Мавропуло _gИн-т перинатологии и педиатрии ФГБУ "Федер. мед. исслед. центр им. В.А. Алмазова" Минздрава России |
|
| 210 |
_aСанкт-Петербург _cИнформнавигатор _d2013 |
||
| 215 |
_a919 с. _cил., цв. ил., портр. _d24 |
||
| 300 | _aНа 3-й с. авт.: Д.О. Иванов д.м.н., проф., Д.Н. Сурков к.м.н., Т.К. Мавропуло проф., д.м.н. | ||
| 320 | _aБиблиогр. в конце глав | ||
| 606 | 1 |
_aВодно-электролитный обмен _xНарушения у детей раннего возраста _2nlr_sh2 _3RU\NLR\AUTH\6601547600 |
|
| 606 | 1 |
_aЭндокринные болезни детей раннего возраста _2nlr_sh2 _3RU\NLR\AUTH\6601547605 |
|
| 686 | 1 | _aР733.415.1 | |
| 686 | 1 | _aР733.415.202.9 | |
| 700 | 1 |
_aИванов _bД. О. _cд-р мед. наук, неонатолог _f1967- _gДмитрий Олегович _3RU\NLR\AUTH\7738447 |
|
| 701 | 1 |
_aСурков _bД. Н. _gДенис Николаевич |
|
| 701 | 1 |
_aМавропуло _bТ. К. _gТатьяна Карловна |
|
| 942 | _cBOOK | ||
| 980 | _aNBR | ||
| 980 | _aNB | ||